Understanding careers (Record no. 25431)

MARC details
000 -LEADER
fixed length control field 00469nam a2200181Ia 4500
008 - FIXED-LENGTH DATA ELEMENTS--GENERAL INFORMATION
fixed length control field 230917s9999||||xx |||||||||||||| ||und||
020 ## - ISBN
Price GBP37.99
040 ## - CATALOGING SOURCE
-- 244774
Original cataloging agency VIVEKANANDA LIBRARY
041 ## - Language
-- English
082 ## - DDC NUMBER
Classification number 306.36 I6U(2)
100 ## - MAIN ENTRY--PERSONAL NAME
Personal name Inkson, Kerr
245 #0 - TITLE STATEMENT
Title Understanding careers
250 ## - EDITION STATEMENT
Edition statement 2nd ed.
260 ## - PUBLICATION, DISTRIBUTION, ETC. (IMPRINT)
Place of publication, distribution, etc London
Name of publisher, distributor, etc Sage Publications
Date of publication, distribution, etc 2015
300 ## - PHYSICAL DESCRIPTION
Pages xxiii, 406 p.
500 ## - GENERAL NOTE
General note 3006 17/01/2018 HBD18/7316 06/03/2018 IHTM (SFS)
942 ## - ADDED ENTRY ELEMENTS (KOHA)
Koha item type Books
Holdings
Withdrawn status Lost status Damaged status Not for loan Location (home branch) Sublocation or collection (holding branch) Shelving location Date acquired Koha issues (times borrowed) Koha full call number Accession No. Koha date last seen Koha item type
        VIVEKANANDA LIBRARY VIVEKANANDA LIBRARY IHTM Library 25/04/2018   306.36 I6U(2) 372509 17/09/2023 Books
© Designed and Maintained by Vivekananda Library, MDU Rohtak